000 01430nam a2200373 a 4500
003 BLK
005 20231027102941.0
008 180409b bul|||||r ||||||| ||bul||
010 _aKNG00119462000
040 _aBLK
041 _aFRE
_cFRE
080 _aРелигия. Теология. Вж и 141.4; 322 ; 348
_b2
_x(091)
_z2(091)
100 1 _aMuller, Max
_eпърви автор
_919330
139 _aMuller, Max
245 1 0 _aEssais sur l'histoire des religions
_cMax Muller; trad. Georges Harris
250 _a2. ed.
257 _aFRA
260 _aParis
_bLibr. academique Didier et Cie
_c1872
_9435333
300 _c17 cm
_a526 p.
380 _a2
490 _aКолекция Редки и ценни издания
_9435080
490 _aЛична библиотека на Захари Стоянов
_9435931
_v63
500 _aДатирано: 27.IV.1936 № 209. Подпис З. Стоянов
650 0 _aРелигии - история
_9245761
700 _9284
_aHarris, Georges
_etrad.
852 _aРф 872 ЗСт
_bРц
856 4 _qjpg
_fСъдържание
_lreg users access
_xpicjpg
_zСъдържание
_uhttp://185.138.176.146:18082/cgi-bin/koha/opac-retrieve-file.pl?id=1ad02a78d88a89afb753f37a31427c55
942 _cKNG
_n0
_s1
944 _aCR
_c2020-11-06
_k30542
_lРусанова Ирена
999 _c391372
_d391372
999 _d391372
999 _d391372
999 _d391372
999 _d391367